| 000 | 00456nam a2200181Ia 4500 | ||
|---|---|---|---|
| 001 | 8451 | ||
| 005 | 20260306160610.0 | ||
| 008 | 260306t2025||||xx |||||||||||||| ||spa|| | ||
| 041 | _aESP | ||
| 082 |
_a371.0712 _bM58 |
||
| 100 |
_aMiller, J. Michael, _eAUT |
||
| 245 | 0 | _aLa enseñanza de la Santa Sede sobre las escuelas católicas | |
| 260 | _c2025 | ||
| 300 |
_a52 páginas : _c21 cm. |
||
| 650 | _aGEN | ||
| 654 | _aCED | ||
| 942 |
_cLIB _dJUS _fJUS _2ddc _n |
||
| 999 |
_c8451 _d8451 |
||